Catálogo

Capacitación (training) : (Registro nro. 493)

Detalles MARC
000 -LEADER
fixed length control field 01244cam a2200337 i 4500
001 - CONTROL NUMBER
control field 493
003 - CONTROL NUMBER IDENTIFIER
control field Mx-PuUPA
005 - DATE AND TIME OF LATEST TRANSACTION
control field 20250613150750.0
008 - FIXED-LENGTH DATA ELEMENTS--GENERAL INFORMATION
fixed length control field 140415s1976 mx gr 000 0 spa d
020 ## - INTERNATIONAL STANDARD BOOK NUMBER
International Standard Book Number 9681821211
040 ## - CATALOGING SOURCE
Original cataloging agency Mx-PuUPA
Language of cataloging spa
Transcribing agency Mx-PuUPA
Modifying agency Mx-PuUPA
Description conventions rda
041 1# - LANGUAGE CODE
Language code of text/sound track or separate title spa
Language code of original eng
100 1# - MAIN ENTRY--PERSONAL NAME
Personal name McGehee, William,
Relator term autor
240 10 - UNIFORM TITLE
Uniform title Training in business and industry.
Language of a work Español
245 10 - TITLE STATEMENT
Title Capacitación (training) :
Remainder of title adiestramiento y formación profesional /
Statement of responsibility, etc. William McGehee, Paul W. Thayer ; versión española, Ricardo de la Cierva y de Hoces
246 33 - VARYING FORM OF TITLE
Title proper/short title Adiestramiento y formación profesional.
250 ## - EDITION STATEMENT
Edition statement Segunda edición
264 #1 - PRODUCTION, PUBLICATION, DISTRIBUTION, MANUFACTURE, AND COPYRIGHT NOTICE
Place of production, publication, distribution, manufacture México, D.F. :
Name of producer, publisher, distributor, manufacturer Editorial Limusa,
Date of production, publication, distribution, manufacture, or copyright notice 1976
300 ## - PHYSICAL DESCRIPTION
Extent 336 páginas ;
Dimensions 21 cm
336 ## - CONTENT TYPE
Fuente rdacontent
Content type term texto
Content type code txt
337 ## - MEDIA TYPE
Source rdamedia
Media type term sin medio
Media type code n
338 ## - CARRIER TYPE
Source rdacarrier
Carrier type term volumen
Carrier type code nc
500 ## - GENERAL NOTE
General note Reimpresiones: (Primera, 1986).
650 #7 - SUBJECT ADDED ENTRY--TOPICAL TERM
Source of heading or term armarc
Topical term or geographic name entry element Capacitación de empleados
700 1# - ADDED ENTRY--PERSONAL NAME
Personal name Thayer, Raul W.,
Relator term autor
700 1# - ADDED ENTRY--PERSONAL NAME
Personal name Cierva y de Hoces, Ricardo de la,
Relator term traductor
765 0# - ORIGINAL LANGUAGE ENTRY
Main entry heading McGehee, William,
Title Training in business and industry.
942 ## - ADDED ENTRY ELEMENTS (KOHA)
Source of classification or shelving scheme Dewey Decimal Classification
Koha item type Libro
Classification part 658.3124
Item part M47
Existencias
Withdrawn status Lost status Source of classification or shelving scheme Damaged status Not for loan Collection code Home library Current library Shelving location Date acquired Source of acquisition Total Checkouts Total Renewals Full call number Barcode Date last seen Date last checked out Price effective from Koha item type
    Dewey Decimal Classification     General Biblioteca Karol Wojtyla Biblioteca Karol Wojtyla Sala general 03/12/2013 Compra 3 1 658.3124 M47 1976 10615 05/01/2026 04/10/2024 03/12/2013 Libro